000 00713cam a2200217 4500500
005 20251017190020.0
041 _afre
042 _adc
100 1 0 _aBaudu, Aurélien
_eauthor
700 1 0 _a Bin, Fabrice
_eauthor
700 1 0 _a Gaullier-Camus, Florent
_eauthor
700 1 0 _a Gourbier, Léonard
_eauthor
700 1 0 _a Houser, Matthieu
_eauthor
700 1 0 _a Delivet, Philippe
_eauthor
700 1 0 _a Terrasse, Yves
_eauthor
245 0 0 _aEn Juin 2025
260 _c2025.
500 _a38
786 0 _nGestion & Finances Publiques | 4 | 4 | 2025-09-23 | p. 71-90 | 1969-1009
856 4 1 _uhttps://droit.cairn.info/revue-gestion-finances-publiques-2025-4-page-71?lang=fr&redirect-ssocas=7080
999 _c1551152
_d1551152